Metóda opravovania dát o pohľade
Na minha lista:
| Autor principal: | |
|---|---|
| Outros Autores: | |
| Formato: | Manuscrito Livro |
| Idioma: | eslovaco |
| Publicado em: |
2019
|
| Assuntos: | |
| Acesso em linha: | http://is.stuba.sk/zp/portal_zp.pl?podrobnosti=145505 |
| Tags: |
Sem tags, seja o primeiro a adicionar uma tag!
|
MARC
| LEADER | 00000ntm a22000003a 4500 | ||
|---|---|---|---|
| 001 | stuzp75030 | ||
| 003 | SK-STU | ||
| 005 | 20200625162519.0 | ||
| 007 | ta | ||
| 008 | 150427s2015----xo-----f-mn---000-0-slo-d | ||
| 040 | |a STU |b slo | ||
| 041 | 0 | |a slo | |
| 044 | |a xo | ||
| 100 | 1 | |a Šlesariková, Tatiana |u 070200 |k Z4 |4 aut |U FIIT Fakulta informatiky a informačných technológií |T FIIT Ústav informatiky, informačných systémov a softvérového inžinierstva |X 74265 |U I200 |Y 179 |7 74265 | |
| 242 | 0 | 1 | |a Eye tracking data correction method |y eng |
| 245 | 1 | 0 | |a Metóda opravovania dát o pohľade |
| 260 | |c 2019 | ||
| 650 | 4 | |a eye tracking |2 slo | |
| 650 | 4 | |a analýza dát |2 slo | |
| 650 | 4 | |a oprava dát |2 slo | |
| 650 | 4 | |a chyby |2 slo | |
| 650 | 4 | |a systematická chyba |2 slo | |
| 650 | 4 | |a kvalita dát |2 slo | |
| 650 | 4 | |a eye tracking |2 eng | |
| 650 | 4 | |a data correction |2 eng | |
| 650 | 4 | |a systematic error |2 eng | |
| 650 | 4 | |a errors |2 eng | |
| 650 | 4 | |a data analysis |2 eng | |
| 650 | 4 | |a data quality |2 eng | |
| 700 | 1 | |a Šimko, Jakub |u 070200 |k Z1 |4 ths |U FIIT Fakulta informatiky a informačných technológií |T FIIT Ústav informatiky, informačných systémov a softvérového inžinierstva |X 17040 |U I200 |Y 179 |7 A000017040 | |
| 856 | 4 | |u http://is.stuba.sk/zp/portal_zp.pl?podrobnosti=145505 | |
| 996 | |c I*DP100/19 |l II680 |s P |a 0 |w stuzp75030_0001 | ||